| 000 | 00506nam a2200157 4500 | ||
|---|---|---|---|
| 001 | 121094 | ||
| 003 | ES-MaACL | ||
| 005 | 20230906191703.0 | ||
| 007 | t| | ||
| 008 | 070214s1968 sp r ||||1| spa d | ||
| 100 | 1 |
_aPons, Antonio. _992982 |
|
| 245 | 1 | 0 |
_aHistoria de Mallorca _b: instituciones, cultura y costumbres del reino : siglo XII-XVII / _cAntonio Pons. |
| 260 |
_aPalma de Mallorca : _b[s.n.], _c1968 ( _fMiramar) |
||
| 300 |
_a292 p., 3 lám. ; _c21 cm. |
||
| 852 |
_aES-MaACL _jC-35255 _bR.67839 |
||
| 999 |
_c121094 _d121094 |
||